| 000 | 00748nam a22002177a 4500 | ||
|---|---|---|---|
| 005 | 20200104041632.0 | ||
| 008 | 150120b2013 ck Il |r|||| 00| 0 spa d | ||
| 040 |
_aCO-BoIAVH _cCO-BoIAVH |
||
| 041 | _aspa | ||
| 044 | _ack | ||
| 090 |
_aEA _b00282 |
||
| 245 | _aCuidemos nuestras Fuentes Hídricas | ||
| 260 |
_aBoyacá : _bCorporación Autónoma y Regional de Chivor-CORPOCHIVOR, _bMinisterio de Ambiente y Desarrollo Sostenible-MinAmbiente, _c2013. |
||
| 300 |
_a32 pag _bIl. _c21 cm. |
||
| 504 | _aIncluye referencias bibliográficas (pag 32) | ||
| 650 | 6 |
_aEducación ambiental _9162 |
|
| 650 | 6 |
_aRecursos Hídricos _931820 |
|
| 650 | 4 |
_a Protección de los recursos hídricos _931821 |
|
| 650 | 4 |
_aHorticultura _931822 |
|
| 942 |
_2z _cLIBRO |
||
| 999 |
_c9017 _d9017 |
||